000 00431nam a2200157Ia 4500
008 240729s9999 xx 000 0 und d
022 _a2532-2044
245 0 _aQualitative Research in Medicine & Healthcare
260 _aItaly
260 _bPAGEPress Publications
650 _a Medicine (General)
650 _aMedicine
856 _uhttps://doaj.org/toc/d518527614ed401da3f5c8cce15e5ab7
942 _2ddc
942 _cDOAJEJ
999 _c70612
_d70612
945 _a1
_bMadushi Gamage
_c1
_dMadushi Gamage